MARC

Tag First Indicator Second Indicator Subfields
LEADER 00000cam a2200000 i 4500
001 in00000808607
005 20160620170913.0
008 800709s1979 dcu c f001 0 eng
010 |a  79603513  
019 |a 05217229 
035 |a (OCoLC)06627701 
035 |9 ADT6590AM 
040 |a DLC  |c DLC  |d AGL  |d TXA  |d UtOrBLW 
043 |a n-us---  |a n-us-dc 
049 |a TXAM 
050 0 0 |a S21  |b .A46 no. 1374  |a Z6611.A33  |a S441 
070 0 |a 1  |b Ag84M no.1374 
072 7 |a A100 
072 7 |a D100 
082 0 0 |a 630 s  |a 016.63  |2 19 
086 |a A 1.38:1374 
110 2 |a Technical Information Systems (U.S.) 
245 1 0 |a Guide to manuscripts in the National Agricultural Library /  |c compiled by Alan E. [as printed] Fusonie. 
264 1 |a [Washington] :  |b Technical Information Systems, Science and Education Administration, U.S. Dept. of Agriculture,  |c 1979. 
300 |a 39 pages ;  |c 26 cm. 
336 |a text  |b txt  |2 rdacontent 
337 |a unmediated  |b n  |2 rdamedia 
338 |a volume  |b nc  |2 rdacarrier 
490 1 |a Miscellaneous publication - United States Department of Agriculture ;  |v no. 1374 
500 |a Includes index. 
650 0 |a Agriculture  |z United States  |x Manuscripts  |x Catalogs. 
650 0 |a Manuscripts, American  |z Washington (D.C.)  |v Catalogs. 
650 0 |a Agriculture  |x Manuscripts  |x Catalogs. 
610 2 0 |a Technical Information Systems (U.S.)  |x Catalogs. 
700 1 |a Fusonie, Alan M. 
830 0 |a Miscellaneous publication (United States. Department of Agriculture) ;  |v no. 1374. 
999 |a MARS 
999 f f |s f2f0d749-1993-388d-bb4c-54972b7a207e  |i 7b4e1313-7baf-3442-9fc9-5b36f2e70281  |t 0 
952 f f |p noncirc  |a Texas A&M University  |b College Station  |c Cushing Memorial Library & Archives  |d Cushing: Reference (Does not check out)  |t 0  |e S21 .A46 no. 1374  |h Library of Congress classification  |i unmediated -- volume 
998 f f |a S21 .A46 no. 1374  |t 0  |l Cushing: Reference (Does not check out)